Films dont la musique a été composée par François De Roubaix - Statistiques

Statistiques générales
  • Ce quiz a été pris 23 fois
  • Le résultat moyen est 5 sur 18
Statistiques - réponses
Année Indices Titre du film % Correct
1975 Romy Schneider - Philippe Noiret Le vieux fusil
78%
1967 Jef (Alain Delon) est un tueur à gages Le samouraï
61%
1970 Louis de Funès dirige d'une main de fer une compagnie de ballet dans la principauté de Monaco L'homme orchestre
50%
1968 Lino Ventura - oiseau de proie Le rapace
44%
1966 Bourvil - Michel Constantin - scierie dans les Vosges Les grandes gueules
44%
1975 Lino Ventura - Marlène Jobert - Paul Crochet Dernier domicile connu
39%
1968 Alain Delon - Charles Bronson Adieu l'ami
33%
1972 Jean Paul Belmondo - Michel Constantin - pas de bol La scoumoune
28%
1967 Lino Ventura - Alain Delon Les aventuriers
28%
1968 Ancien coureur automobile, François Holin (Jean Paul Belmondo) est aussi le chauffeur d'une équipe de malfrats Ho
22%
1971 Lino Ventura - Brigitte Bardot Boulevard du rhum
17%
1969 Alain Delon - Mireille Darc Jeff
17%
1971 film réalisé par Gérard Blain - Deauville Les amis
11%
1973 réalisé par Yves Boisset -1956 en Algérie RAS
11%
1966 Mireille Darc - le raisin bleu La blonde de Pékin
6%
1968 Film de Jean Pierre Mocky avec Bourvil La grande lessive
6%
1972 Serge Reggiani - Jean Bouise - Michel Constantin Les caïds
6%
1975 les cinq cousins Conségude - vendetta Les grands moyens
0%
Aucun quiz correspondant
Distribution des résultats
% des personnes avec chaque résultat
Percentile par nombre de réponses
Votre historique - résultats
Vous n’avez pas pris ce quiz